[Event "Santiago de Compostela Bicapawn GP B1"]
[Site "Santiago de Compostela"]
[Date "2022.10.19"]
[Round "7"]
[White "Vieites Perez, Jacobo"]
[Black "Montans Lopez, Adrian"]
[Result "1/2-1/2"]
[WhiteElo "1787"]
[BlackElo "1827"]
[PlyCount "65"]
[EventDate "2022.10.19"]
[EventType "swiss (blitz)"]
[EventRounds "9"]
[EventCountry "ESP"]
[SourceTitle "EXT 2024"]
[Source "ChessBase"]
[SourceDate "2023.10.10"]
[SourceVersion "1"]
[SourceVersionDate "2023.10.10"]
[SourceQuality "1"]

1. e4 c5 2. Nf3 d6 3. d4 cxd4 4. Nxd4 Nf6 5. Nc3 g6 6. Be3 Bg7 7. f3 0-0 8. Qd2 Nc6 9. Bc4 Bd7 10. 0-0-0 Rc8 11. Bb3 Ne5 12. Kb1 Nc4 13. Bxc4 Rxc4 14. g4 b5 15. h4 b4 16. Nce2 h5 17. gxh5 Nxh5 18. Bh6 Qc7 19. Bxg7 Kxg7 20. Rhg1 Rc8 21. Rc1 Rc5 22. f4 e5 23. Nf5+ Bxf5 24. exf5 exf4 25. fxg6 fxg6 26. Nxf4 Nxf4 27. Qxf4 Rxc2 28. Qd4+ Kh7 29. Rcd1 Re2 30. Qd3 Rce8 31. Qxg6+ Kh8 32. Qh5+ Qh7+ 33. Qxh7+ 1/2-1/2

[Event "Pontevedra op 4th"]
[Site "Pontevedra"]
[Date "2015.12.27"]
[Round "3"]
[White "Espineira Gonzalez, Diego Adrian"]
[Black "Montans Lopez, Adrian"]
[Result "1-0"]
[WhiteElo "2354"]
[BlackElo "1796"]
[PlyCount "139"]
[EventDate "2015.12.26"]
[EventType "swiss"]
[EventRounds "9"]
[EventCountry "ESP"]
[SourceTitle "CBM 170 Extra"]
[Source "ChessBase"]
[SourceDate "2016.02.25"]
[SourceVersion "1"]
[SourceVersionDate "2016.02.25"]
[SourceQuality "1"]

1. d4 f5 2. c4 Nf6 3. g3 e6 4. Bg2 c6 5. Nf3 d5 6. 0-0 Bd6 7. b3 0-0 8. Ba3 Ne4 9. e3 g5 10. Bxd6 Nxd6 11. Nbd2 Nd7 12. Ne1 Qe8 13. Nd3 Nf6 14. Ne5 Bd7 15. Qe2 Qe7 16. f3 Be8 17. e4 dxe4 18. fxe4 fxe4 19. Qe3 h6 20. Nxe4 Nf5 21. Nxf6+ Qxf6 22. Qe4 Qg7 23. Bh3 Rd8 24. Bxf5 exf5 25. Rxf5 Rxf5 26. Qxf5 Rxd4 27. Qe6+ Bf7 28. Qc8+ Kh7 29. Qxb7 Qxe5 30. Qxf7+ Kh8 31. Rf1 Rf4 32. Rxf4 gxf4 33. Qxf4 Qa1+ 34. Kg2 Qxa2+ 35. Kh3 Kg7 36. Qc7+ Kf8 37. Qxc6 Qxb3 38. Qa8+ Kg7 39. Qxa7+ Kg6 40. Qa6+ Kg7 41. Qe6 Qd3 42. c5 Qf1+ 43. Kh4 Qf2 44. Qe5+ Kg6 45. Qd6+ Kh7 46. Qd7+ Kh8 47. Qd8+ Kh7 48. Qd7+ Kh8 49. Qd8+ Kh7 50. h3 Qf3 51. Qd7+ Kh8 52. Qd6 Qe4+ 53. g4 h5 54. Qh6+ Kg8 55. Qg6+ Kh8 56. Qxh5+ Kg8 57. Qg5+ Kh8 58. Qf6+ Kg8 59. Qf5 Qe1+ 60. Kh5 Kg7 61. Qd7+ Kh8 62. c6 Qf1 63. Qd8+ Kg7 64. Qd4+ Kh7 65. Qe4+ Kh8 66. Qe5+ Kg8 67. c7 Qf7+ 68. Kg5 Qf8 69. Qe6+ Kh7 70. Qg6+ 1-0

[Event "ESP-ch U16"]
[Site "Padron"]
[Date "2008.07.22"]
[Round "5"]
[White "Fernandez Arroyo, Cesar"]
[Black "Montans Lopez, Adrian"]
[Result "1-0"]
[WhiteElo "1685"]
[BlackElo "1357"]
[PlyCount "113"]
[EventDate "2008.07.20"]
[EventType "swiss"]
[EventRounds "9"]
[EventCountry "ESP"]
[SourceTitle "EXT 2010"]
[Source "ChessBase"]
[SourceDate "2010.11.25"]
[SourceVersion "1"]
[SourceVersionDate "2010.11.25"]
[SourceQuality "1"]

1. e4 c5 2. g3 Nc6 3. Bg2 d6 4. Nf3 e5 5. 0-0 Bg4 6. h3 Bh5 7. c3 Nf6 8. Re1 Be7 9. Na3 0-0 10. Nc2 d5 11. g4 dxe4 12. Nh2 Bg6 13. Ne3 Qd7 14. f3 exf3 15. Nxf3 Bd6 16. Nh4 Rfe8 17. g5 Nh5 18. Nxg6 hxg6 19. d3 Nf4 20. Ng4 Nxg2 21. Kxg2 Rad8 22. Be3 Bc7 23. Nf2 b6 24. Qe2 Qf5 25. Rf1 Qd7 26. Rad1 Qd5+ 27. Ne4 Qxa2 28. c4 Qa6 29. Qf3 Rf8 30. Nf6+ gxf6 31. Qxc6 Qc8 32. Rxf6 Qa8 33. Kf3 Rd6 34. Rxd6 Bxd6 35. Qxa8 Rxa8 36. b3 Kg7 37. h4 Rf8 38. Ke4 f5+ 39. gxf6+ Rxf6 40. Rg1 Kf7 41. Kd5 Bb8 42. Ke4 a6 43. Ra1 a5 44. Rg1 Bc7 45. Kd5 Rf3 46. Ke4 Rh3 47. Rf1+ Ke6 48. Bg5 Rh2 49. Rf6+ Kd7 50. Rxg6 Rb2 51. h5 Rxb3 52. h6 Rb2 53. h7 Rh2 54. Rh6 Rg2 55. h8Q Rg4+ 56. Kf3 Rxg5 57. Rh7+ 1-0